00730nam a22002058a 4500003000400000005001700004008004100021020001500062040002900077050002200106245013200128260003500260300003500295504005100330650002700381650004100408700003100449700002100480700002300501OSt20220318091547.0901113s1990 nyua b 001 0 eng d a0824785258 cALUPE UNIVERSITY COLLEGE aQP141b.A1N8 199000aNutrition in the '90s :bcurrent controversies and analysis /cedited by Gerald E. Gaull, Frank N. Kotsonis, Maureen A. Mackey. aNew York :bM. Dekker,cc1990. axiii, 130 p. :bill. ;c24 cm. aIncludes bibliographical references and index. 0aNutritionvCongresses. 2aNutritional Physiological Phenomena.1 aMackey, Maureen A.,d1955-1 aGaull, Gerald E.1 aKotsonis, Frank N.